| 000 | 00843nam a2200253Ia 4500 | ||
|---|---|---|---|
| 001 | 22064 | ||
| 005 | 20260320113339.0 | ||
| 008 | 260320s9999||||xx |||||||||||||| ||und|| | ||
| 020 | _a9789585505803 | ||
| 041 | _aESP | ||
| 082 |
_a839.81 _bA59 |
||
| 100 |
_aAndersen, Hans Christian, _eAUT |
||
| 245 | 0 |
_aCuentos de hadas _b |
|
| 246 |
_a _5 _b |
||
| 260 |
_aBogotá : _bComercializadora Cono Sur, _c2024 |
||
| 300 |
_a388 páginas : _bilustraciones ; _c21 cm. _e |
||
| 440 |
_a(Literatura universal) _n _v |
||
| 650 | _aLEN | ||
| 653 | _aLiteratura danesa; Cuentos infantiles daneses; Cuentos de hadas | ||
| 654 | _aCHU | ||
| 700 |
_aGarcía Ramón, Leopoldo, _cTRA |
||
| 856 |
_uhttps://0u20fpnh6-y-https-research-ebsco-com.itmsp.museknowledge.com/c/qxo6us/search _zVéase además: Base de datos EBSCOhost |
||
| 942 |
_cLIB _dJUS _fMAT _2ddc _n |
||
| 999 |
_c22064 _d22064 |
||